000 00404nam a2200157Ia 4500
008 240729s9999 xx 000 0 und d
022 _a1314-2607
245 0 _aJournal of Hymenoptera Research
260 _aBulgaria
260 _bPensoft Publishers
650 _a Zoology
650 _aScience
856 _uhttps://doaj.org/toc/62b9020ac3dd46c48a3bc7f74ca307a2
942 _2ddc
942 _cDOAJEJ
999 _c73700
_d73700
945 _a1
_bMadushi Gamage
_c1
_dMadushi Gamage